<?xml version="1.0" encoding="UTF-8"?>
<marc:record xmlns:marc="http://www.loc.gov/MARC21/slim">
   <marc:leader>00000nam a2200000 a 4500</marc:leader>
   <marc:datafield ind1="1" ind2=" " tag="100">
      <marc:subfield code="a">Dylan, Bob</marc:subfield>
      <marc:subfield code="4">aut</marc:subfield>
      <marc:subfield code="e">Verfasser/-in</marc:subfield>
   </marc:datafield>
   <marc:datafield ind1="1" ind2=" " tag="100">
      <marc:subfield code="a">Weissner, Carl</marc:subfield>
      <marc:subfield code="4">trl</marc:subfield>
      <marc:subfield code="e">Übersetzer/-in</marc:subfield>
   </marc:datafield>
   <marc:datafield ind1=" " ind2=" " tag="653">
      <marc:subfield code="a">Debüt</marc:subfield>
   </marc:datafield>
   <marc:datafield ind1=" " ind2=" " tag="653">
      <marc:subfield code="a">Detering</marc:subfield>
   </marc:datafield>
   <marc:datafield ind1=" " ind2=" " tag="653">
      <marc:subfield code="a">Literaturnobelpreis</marc:subfield>
   </marc:datafield>
   <marc:datafield ind1=" " ind2=" " tag="653">
      <marc:subfield code="a">Lyrics</marc:subfield>
   </marc:datafield>
   <marc:datafield ind1=" " ind2=" " tag="653">
      <marc:subfield code="a">Zweisprachig</marc:subfield>
   </marc:datafield>
   <marc:datafield ind1=" " ind2=" " tag="653">
      <marc:subfield code="a">Softcover / Belletristik/Zweisprachige Ausgaben/Deutsch-Englisch</marc:subfield>
   </marc:datafield>
   <marc:datafield ind1=" " ind2=" " tag="653">
      <marc:subfield code="a">Anthologie</marc:subfield>
   </marc:datafield>
   <marc:datafield ind1=" " ind2=" " tag="653">
      <marc:subfield code="a">Gemischte Anthologien</marc:subfield>
   </marc:datafield>
   <marc:datafield ind1=" " ind2=" " tag="653">
      <marc:subfield code="a">Zweisprachige Ausgaben: Deutsch / Englisch</marc:subfield>
   </marc:datafield>
   <marc:datafield ind1="0" ind2="0" tag="245">
      <marc:subfield code="a">Tarantel</marc:subfield>
   </marc:datafield>
   <marc:datafield ind1="0" ind2="0" tag="245">
      <marc:subfield code="c">Bob Dylan ; aus dem amerikanischen Englisch übersetzt von Carl Weissner ; revidiert und mit einem Nachwort versehen von Heinrich Detering</marc:subfield>
   </marc:datafield>
   <marc:datafield ind1=" " ind2="1" tag="264">
      <marc:subfield code="a">Hamburg</marc:subfield>
      <marc:subfield code="b">Hoffmann und Campe</marc:subfield>
      <marc:subfield code="c">2016</marc:subfield>
   </marc:datafield>
   <marc:datafield ind1=" " ind2=" " tag="250">
      <marc:subfield code="a">1. Auflage</marc:subfield>
   </marc:datafield>
   <marc:datafield ind1="1" ind2=" " tag="520">
      <marc:subfield code="a">Angaben aus der Verlagsmeldung

Tarantel / von Bob Dylan

Die Jahre 1965/66 markieren den ersten kreativen Höhepunkt in Bob Dylans Schaffen: Er schrieb einige seiner bekanntesten Songs wie »Mr. Tambourine Man«, »Like a Rolling Stone«, »Desolation Row«, »She Belongs to Me«, »Love Minus Zero«, »No Limit« und »Ballad of a Thin Man«. In dieser Zeit entstand auch »Tarantel«, eine Mischung aus experimentellem Roman und Prosagedicht. Als »Surrealismus auf Speed« und »fabelhafter Reise durch unser Zeitalter« wurde »Tarantel« nach seiner Veröffentlichung bezeichnet, »ein Narrenfest, lebendig und voller Tiefsinn«, »so melodisch wie wild.«
»Das Buch hat weder Anfang noch Ende«, sagte Bob Dylan selbst über seine erste Buchveröffentlichung. Heinrich Detering ordnet Dylans schriftstellerisches Debüt, das zweisprachig auf Deutsch und Englisch erscheint, in seinem Vorwort in den Kontext seiner Entstehungsgeschichte und seines Werks ein.
</marc:subfield>
   </marc:datafield>
   <marc:datafield ind1=" " ind2=" " tag="020">
      <marc:subfield code="a">9783455001167</marc:subfield>
      <marc:subfield code="9">9783455001167</marc:subfield>
   </marc:datafield>
   <marc:datafield ind1=" " ind2=" " tag="020">
      <marc:subfield code="a">3455001165</marc:subfield>
      <marc:subfield code="9">3455001165</marc:subfield>
   </marc:datafield>
   <marc:datafield ind1=" " ind2=" " tag="041">
      <marc:subfield code="a">ger</marc:subfield>
   </marc:datafield>
   <marc:datafield ind1=" " ind2=" " tag="300">
      <marc:subfield code="a">370 Seiten</marc:subfield>
   </marc:datafield>
</marc:record>
